[Event "Box Hill CC-ch"]
[Site "Box Hill"]
[Date "2000.06.02"]
[Round "5.17"]
[White "Endo, Kohei"]
[Black "Nemeth, Janos2222"]
[Result "0-1"]
[WhiteElo "1221"]
[BlackElo "1855"]
[PlyCount "44"]
[EventDate "2000.??.??"]
[EventType "swiss"]
[EventRounds "9"]
[EventCountry "AUS"]
[SourceTitle "EXT 2003"]
[Source "ChessBase"]
[SourceDate "2002.11.25"]
[SourceVersion "1"]
[SourceVersionDate "2002.11.25"]
[SourceQuality "1"]

1. e4 c5 2. Nf3 Nc6 3. d4 cxd4 4. Nxd4 e6 5. Nc3 Bb4 6. Be2 Nf6 7. 0-0 0-0 8. Ndb5 a6 9. Nd6 Qc7 10. Nxc8 Raxc8 11. f4 Bxc3 12. bxc3 Nxe4 13. Bd3 Qb6+ 14. Kh1 Nf2+ 15. Rxf2 Qxf2 16. Ba3 Rfe8 17. Bd6 e5 18. Be4 exf4 19. Qd3 f5 20. Qd5+ Kh8 21. Qxf5 Qh4 22. g3 fxg3 0-1

[Event "Box Hill CC-ch"]
[Site "Box Hill"]
[Date "2000.05.26"]
[Round "4.12"]
[White "Endo, Kohei"]
[Black "Exner, Rolf"]
[Result "0-1"]
[WhiteElo "1221"]
[BlackElo "1667"]
[PlyCount "24"]
[EventDate "2000.??.??"]
[EventType "swiss"]
[EventRounds "9"]
[EventCountry "AUS"]
[SourceTitle "EXT 2003"]
[Source "ChessBase"]
[SourceDate "2002.11.25"]
[SourceVersion "1"]
[SourceVersionDate "2002.11.25"]
[SourceQuality "1"]

1. e4 c5 2. Nf3 Nc6 3. d4 cxd4 4. Nxd4 Nf6 5. Nc3 d6 6. Be3 g6 7. Qd2 Bg7 8. 0-0-0 Ng4 9. h4 Nxe3 10. fxe3 h5 11. Be2 Nxd4 12. exd4 Bh6 0-1